| 000 | 00355cam a2200145ua 4500 | ||
|---|---|---|---|
| 041 |
_aeng _h |
||
| 082 |
_a828.09 _bTRI/OP |
||
| 100 | _aTrilling, Leonell . | ||
| 245 |
_aOpposing self / _cLionell Trilling. _hTextual Documents |
||
| 260 |
_aLondon : _bSecker & Warburg , _c1955. |
||
| 300 | _a232 ; . | ||
| 504 | _a | ||
| 942 | _cBK | ||
| 999 |
_c6110 _d6110 |
||